Unity in truth : (Record no. 33456)
[ view plain ]
| 000 -LEADER | |
|---|---|
| fixed length control field | 00824nam a2200205 4500 |
| 008 - FIXED-LENGTH DATA ELEMENTS--GENERAL INFORMATION | |
| fixed length control field | 920121s1991 enk 000 0 eng |
| 020 ## - INTERNATIONAL STANDARD BOOK NUMBER | |
| International Standard Book Number | 0852342888 :gift: Elder Henry Co |
| 090 ## - LOCALLY ASSIGNED LC-TYPE CALL NUMBER (OCLC); LOCAL CALL NUMBER (OCLC) | |
| Classification number (OCLC) (R) ; Classification number, CALL (RLIN) (NR) | BX9.5 |
| Local cutter number (OCLC) ; Book number/undivided call number, CALL (RLIN) | .E94 |
| -- | L77u |
| -- | 1991 |
| 100 1# - MAIN ENTRY--PERSONAL NAME | |
| Personal name | Lloyd-Jones, David Martyn. |
| 245 10 - TITLE STATEMENT | |
| Title | Unity in truth : |
| Remainder of title | addresses at meetings held under the auspices of the British Evangelical Council / |
| Statement of responsibility, etc | given by D. Martyn Lloyd-Jones, edited by Hywel R. Jones. |
| 260 ## - PUBLICATION, DISTRIBUTION, ETC. (IMPRINT) | |
| Place of publication, distribution, etc | Darlington : |
| Name of publisher, distributor, etc | Evangelical Press, |
| Date of publication, distribution, etc | 1991. |
| 300 ## - PHYSICAL DESCRIPTION | |
| Extent | 203 p. ; |
| Dimensions | 22 cm. |
| 650 #4 - SUBJECT ADDED ENTRY--TOPICAL TERM | |
| Topical term or geographic name as entry element | Christian union |
| General subdivision | Sermons. |
| 650 #4 - SUBJECT ADDED ENTRY--TOPICAL TERM | |
| Topical term or geographic name as entry element | Evangelicalism |
| General subdivision | Doctrines. |
| 650 #4 - SUBJECT ADDED ENTRY--TOPICAL TERM | |
| Topical term or geographic name as entry element | Evangelicalism |
| Geographic subdivision | Great Britain. |
| 951 ## - EQUIVALENCE OR CROSS-REFERENCE-GEOGRAPHIC NAME/AREA NAME [OBSOLETE] [CAN/MARC only] | |
| General subdivision | 00038405 |
| 700 1# - ADDED ENTRY--PERSONAL NAME | |
| Personal name | Jones, Hywel R. |
| 710 22 - ADDED ENTRY--CORPORATE NAME | |
| Corporate name or jurisdiction name as entry element | British Evangelical Council. |
| 951 ## - EQUIVALENCE OR CROSS-REFERENCE-GEOGRAPHIC NAME/AREA NAME [OBSOLETE] [CAN/MARC only] | |
| -- | 33194 |
| -- | BX9.5/.E94/L77u/1991 |
| -- | 090630174628546 |
| -- | 2000-12-21 |
| -- | GC |
| Withdrawn status | Lost status | Damaged status | Not for loan | Home library | Current library | Shelving location | Date acquired | Accession number | Shelving control number | Total Checkouts | Full call number | Barcode | Date last seen | Price effective from | Koha item type |
|---|---|---|---|---|---|---|---|---|---|---|---|---|---|---|---|
| BSOP Library | BSOP Library | GC | 12/21/2000 | 33194 | 127 | BX9.5/.E94/L77u/1991 | 00038405 | 02/23/2013 | 02/23/2013 | Books |
